|
|
|
|
| LEADER |
00000nkm a2200000 a 4500 |
| 001 |
vtls011584623 |
| 003 |
SK-MaSNL |
| 005 |
20260331210501.0 |
| 007 |
kp co |
| 008 |
231214s1969 xo g kuslo |
| 015 |
|
|
|a SNBG
|
| 035 |
|
|
|a urn:nbn:sk:snk-km00cpc6
|
| 035 |
|
|
|a urn:nbn:sk:snk-km3lqpe
|
| 035 |
|
|
|a 961BC77F-2056-4E9B-8797-784CBBCD7F64
|
| 040 |
|
|
|a SNK
|b slo
|c SNK
|e AACR2
|
| 041 |
0 |
|
|a slo
|
| 043 |
|
|
|a e-xo---
|
| 044 |
|
|
|a xo
|c SK
|
| 080 |
|
|
|a (084.121)904
|2 2011
|
| 080 |
|
|
|a 913(437.671)
|2 2011
|
| 080 |
|
|
|a 726:27-523.42
|2 2011
|
| 080 |
|
|
|a 27-789.32
|2 2011
|
| 100 |
1 |
|
|a Rozman, Ladislav,
|d 1898-1986
|4 pht
|9 5062
|
| 245 |
1 |
0 |
|a Prešov
|h grafika
|b františkánsky kostol z roku 1709-
|c foto Ladislav Rozman
|
| 260 |
|
|
|a Bratislava
|b Epocha
|c 1969
|
| 300 |
|
|
|a 1 pohľadnica
|b farebná
|c 15 x 11 cm
|
| 500 |
|
|
|a Františkánsky kostol z roku 1709 od stav. T. Tornyosiho v barokovom slohu. Pôvodne mali kostol a kláštor karmelitáni usadení v meste od r. 1288, od ktorých ho r. 1661 prevzali františkáni a prestavali
|
| 520 |
8 |
|
|a Zobrazenie: Kostol svätého Jozefa
|
| 610 |
2 |
7 |
|a Kostol sv. Jozefa (Prešov, Slovensko)
|2 SNKKA
|9 552978
|
| 610 |
2 |
7 |
|a Františkáni
|2 SNKKA
|9 174796
|
| 650 |
0 |
7 |
|a kostoly
|2 SNKPH
|9 3023
|
| 651 |
|
7 |
|a Prešov (Slovensko)
|2 SNKPH
|9 17347
|
| 655 |
|
7 |
|a pohľadnice kultúrnych pamiatok
|2 SNKPH
|9 70523
|
| 852 |
|
|
|a Slovenská národná knižnica
|
| 958 |
|
|
|a GC
|
| 958 |
|
|
|a GBN
|
| 958 |
|
|
|a OND
|
| 999 |
|
|
|c 848331
|d 850261
|
| 952 |
|
|
|a SNK
|b SNK
|y PREZ
|7 0
|p 17A1209887
|o snkSP 20034
|0 0
|1 0
|4 0
|d 2016-10-06
|f 1
|l 0
|r 2026-02-24 04:33:28
|w 2026-02-24
|